000 00494nam a2200181Ia 4500
003 OSt
005 20230415112915.0
008 210423s2000 xx 000 0 und d
040 _cAL
082 _a158.1
_223
_bEMIU
100 _aEMIR (Rudite J)
_988811
245 _aUndoing: returning to simplicity
260 _aMumbai
_bCentral Chinmaya Mission
_c2000
300 _axii,157
_bPB
650 _aApplied Psychology
_988812
906 _areturning ; simplicity ; Undoing:
942 _2ddc
_cBK
999 _c169993
_d169993